The current situation in Latin American education. (Record no. 34434)

MARC details
000 -LEADER
fixed length control field 01360cam a22002891 4500
001 - CONTROL NUMBER
control field hew63000103
003 - CONTROL NUMBER IDENTIFIER
control field DLC
005 - DATE AND TIME OF LATEST TRANSACTION
control field 20260227111512.0
008 - FIXED-LENGTH DATA ELEMENTS--GENERAL INFORMATION
fixed length control field 771129s1963 dcu f000 0 eng c
010 ## - LIBRARY OF CONGRESS CONTROL NUMBER
LC control number hew63000103
035 ## - SYSTEM CONTROL NUMBER
System control number (OCoLC)3451852
040 ## - CATALOGING SOURCE
Original cataloging agency U.S.Dept. of Health, Education, and Welfare. Library
Transcribing agency DNIE
Modifying agency DLC
042 ## - AUTHENTICATION CODE
Authentication code premarc
050 00 - LIBRARY OF CONGRESS CALL NUMBER
Classification number L111
Item number .A6 1963, no. 21
051 ## - LIBRARY OF CONGRESS COPY, ISSUE, OFFPRINT STATEMENT
Classification number LA541
Item number .H3
100 1# - MAIN ENTRY--PERSONAL NAME
Personal name Hauch, Charles C.
Fuller form of name (Charles Christian),
Dates associated with a name 1913-
245 14 - TITLE STATEMENT
Title The current situation in Latin American education.
260 ## - PUBLICATION, DISTRIBUTION, ETC.
Place of publication, distribution, etc. [Washington]
Name of publisher, distributor, etc. U.S. Dept. of Health, Education, and Welfare, Office of Education; for sale by the Superintendent of Documents, U.S. Govt. Print. Off.,
Date of publication, distribution, etc. 1963]
300 ## - PHYSICAL DESCRIPTION
Extent 30 p. ;
Dimensions 24 cm.
490 1# - SERIES STATEMENT
Series statement Bulletin / United States. Office of Education ;
Volume/sequential designation 1963, no. 21.
500 ## - GENERAL NOTE
General note "OE-14080."
501 ## - WITH NOTE
With note Copies 1 and 3 of L111.A6 with: Programs for the educationally disadvantaged / Conference on Teaching Children and Youth Who Are Educationally Disadvantaged. Washington : U.S. Dept. of Health, Education, and Welfare, Office of Education, 1963. Bound together subsequent to publication.
Institution to which field applies DLC
504 ## - BIBLIOGRAPHY, ETC. NOTE
Bibliography, etc. note Bibliography : p.29-30.
650 #0 - SUBJECT ADDED ENTRY--TOPICAL TERM
Topical term or geographic name entry element Education
Geographic subdivision Latin America.
740 0# - ADDED ENTRY--UNCONTROLLED RELATED/ANALYTICAL TITLE
Uncontrolled related/analytical title Latin American education.
830 #0 - SERIES ADDED ENTRY--UNIFORM TITLE
Uniform title Bulletin (United States. Office of Education) ;
Volume/sequential designation 1963, no. 21.

No items available.

Powered by Koha